Changing dimensions of intercropping in the immature phase of natural rubber cultivation: A case study of pineapple intercropping in central Kerala (Record no. 55347)

MARC details
000 -LEADER
fixed length control field 00551nam a2200181Ia 4500
100 ## - MAIN ENTRY--AUTHOR NAME
Personal name Siju T
245 #0 - TITLE STATEMENT
Title Changing dimensions of intercropping in the immature phase of natural rubber cultivation: A case study of pineapple intercropping in central Kerala
260 ## - PUBLICATION, DISTRIBUTION, ETC. (IMPRINT)
Name of publisher Rubber Science
Year of publication 2012
300 ## - PHYSICAL DESCRIPTION
Number of Pages 164-172
650 ## - SUBJECT ADDED ENTRY--TOPICAL TERM
Topical Term Contract farming
650 ## - SUBJECT ADDED ENTRY--TOPICAL TERM
Topical Term Intercropping
650 ## - SUBJECT ADDED ENTRY--TOPICAL TERM
Topical Term Pineapple
650 ## - SUBJECT ADDED ENTRY--TOPICAL TERM
Topical Term Socio-economic
700 ## - ADDED ENTRY--PERSONAL NAME
Personal name George K T
700 ## - ADDED ENTRY--PERSONAL NAME
Personal name Lakshmanan R
942 ## - ADDED ENTRY ELEMENTS (KOHA)
Koha item type Journals
Holdings
Withdrawn status Lost status Damaged status Not for loan Home library Current library Shelving location Date acquired Serial Enumeration / chronology Koha item type
      Journals RRII Library RRII Library Economics 15/03/2013 Volume 25, Issue 2 Journals